| 000 | 01029nam a22003257a 4500 | ||
|---|---|---|---|
| 003 | CHAP | ||
| 005 | 20220329140058.0 | ||
| 008 | 971013s1956 r 00010 d | ||
| 010 | _a46680 | ||
| 011 | _a47652 | ||
| 035 | _a51795 | ||
| 040 | _cCHAP | ||
| 082 |
_a620.1 _bT55 1956 |
||
| 100 | 0 | 0 |
_aTimoshenko, Stephen P. _9113341 |
| 245 | _aEngineering mechanics | ||
| 250 | _a4 ed. | ||
| 260 |
_aNew York : _bMcGraw-Hill, _c1956 |
||
| 300 | _a478 p. | ||
| 590 |
_aBATCH-UPD _b10 _c20130110 _lUCH01 _h1955 |
||
| 590 |
_aBATCH-UPD _b10 _c20130410 _lUCH01 _h1316 |
||
| 590 |
_aBATCH-UPD _b10 _c20130914 _lUCH01 _h1641 |
||
| 590 |
_aCONVERSION _b10 _c20130109 _lUCH01 _h1326 |
||
| 650 | 1 | 4 |
_aIngenierĂa mecánica. _958260 |
| 700 | 0 |
_aYoung, D. H. _9123209 |
|
| 901 | _aBK | ||
| 942 | _cLIBRO | ||
| 949 |
_a620.1 T55 1956 _bBC _cLIBRO _d-115723 _eLIBRO _h18456 _i51795 _si |
||
| 949 |
_a620.1 T55 1956 _bBC _cLIBRO _d-115724 _eLIBRO _fc.2 _h18457 _i51795 _si |
||
| 949 |
_a620.1 T55 1956 _bBC _cLIBRO _d33724000013512 _eLIBRO _fc.3 _h18458 _i51795 _si |
||
| 999 |
_c46680 _d46680 |
||